[Event "ICS rated blitz match"]
[Site "204.178.125.65"]
[Date "1999.08.26"]
[Round "?"]
[White "Ripari"]
[Black "Hossa"]
[Result "0-1"]
[WhiteElo "2255"]
[BlackElo "2421"]
[PlyCount "78"]

1. e4 c5 2. Nf3 d6 3. d4 cxd4 4. Nxd4 Nf6 5. Nc3 e5 6. Nb3 Nc6 7. f3 Be6 8. Be3
d5 9. exd5 Nxd5 10. Nxd5 Bxd5 11. Bd3 Be7 12. O-O Nb4 13. Bb5+ Bc6 14. Bxc6+
bxc6 15. c3 Qxd1 16. Raxd1 Nxa2 17. Ra1 Rb8 18. Rxa2 Rxb3 19. Rxa7 Rf8 20. Rd1
f5 21. Rdd7 Bf6 22. Bc5 Rg8 23. Bb4 Rxb2 24. Rdb7 Rb1+ 25. Kf2 Bh4+ 26. g3 Rb2+
27. Kg1 Bd8 28. Ra8 Rb1+ 29. Kg2 Rb2+ 30. Kh3 c5 31. Rbb8 Kd7 32. Ra7+ Ke6 33.
Raa8 cxb4 34. cxb4 Rd2 35. b5 e4 36. fxe4 fxe4 37. Ra6+ Ke5 38. Rc6 g5 39. b6
39... g4# {Ripari checkmated} 0-1

[Event "ICS rated blitz match"]
[Site "204.178.125.65"]
[Date "1999.08.26"]
[Round "?"]
[White "Hossa"]
[Black "Ripari"]
[Result "1-0"]
[WhiteElo "2424"]
[BlackElo "2224"]
[PlyCount "35"]

1. d4 Nf6 2. c4 c5 3. d5 b5 4. cxb5 a6 5. f3 axb5 6. e4 Qa5+ 7. Bd2 b4 8. Na3
d6 9. Nc4 Qc7 10. a3 bxa3 11. Rxa3 Rxa3 12. bxa3 g6 13. Qa4+ Nbd7 14. Ne2 Bg7
15. Nc3 O-O 16. Be2 Nb6 17. Qa5 Nfd7 18. Na4 {Ripari resigns} 1-0

[Event "ICS Rated blitz match"]
[Site "204.178.125.65"]
[Date "1999.08.26"]
[Round "?"]
[White "Hossa"]
[Black "Ripari"]
[Result "1-0"]
[WhiteElo "2427"]
[BlackElo "2171"]
[PlyCount "89"]

1. d4 Nf6 2. c4 c5 3. d5 b5 4. cxb5 a6 5. f3 axb5 6. e4 b4 7. e5 Ng8 8. f4 d6
9. Nf3 g6 10. Bc4 Bg7 11. O-O Nh6 12. a4 bxa3 13. Rxa3 Rxa3 14. bxa3 O-O 15.
Nc3 Qa5 16. Nb5 Ba6 17. Bd2 Qd8 18. a4 Nf5 19. Qe2 Nd4 20. Nbxd4 Bxc4 21. Qxc4
cxd4 22. Qxd4 dxe5 23. fxe5 Nd7 24. Bf4 Qa8 25. Rf2 Qa5 26. Bd2 Qb6 27. Bc3 Ra8
28. Qc4 Qc5 29. Qb5 Bh6 30. Bd4 Qc1+ 31. Rf1 Be3+ 32. Kh1 Ra5 33. Rxc1 Rxb5 34.
Rc8+ Kg7 35. axb5 Bxd4 36. Nxd4 Nxe5 37. b6 Nd3 38. b7 Nf2+ 39. Kg1 Kh6 40.
Kxf2 Kg5 41. Rc3 h5 42. Rf3 Kh6 43. Rxf7 Kg5 44. Ne6+ Kh6 45. b8=Q {
Ripari resigns} 1-0

[Event "ICS Rated blitz match"]
[Site "204.178.125.65"]
[Date "1999.08.26"]
[Round "?"]
[White "lakerda"]
[Black "Hossa"]
[Result "0-1"]
[WhiteElo "2234"]
[BlackElo "2430"]
[PlyCount "66"]

1. d4 a6 2. e3 Nc6 3. c3 e5 4. d5 Na7 5. e4 Ne7 6. Nf3 Ng6 7. Bd3 Be7 8. O-O
O-O 9. c4 d6 10. Nc3 f5 11. exf5 Bxf5 12. Bxf5 Rxf5 13. Qd3 Qd7 14. Ne4 Nf4 15.
Bxf4 Rxf4 16. b4 Raf8 17. Nfd2 Qg4 18. f3 Qg6 19. Rae1 Bh4 20. Re2 R8f7 21. a4
Nc8 22. c5 a5 23. bxa5 dxc5 24. Qb5 Nd6 25. Nxd6 Qxd6 26. Qxb7 Rxa4 27. Ne4 Qf8
28. a6 Rb4 29. Qc6 Rb6 30. Qa4 Rf4 31. a7 Qa8 32. Nxc5 Rxa4 33. Nxa4 33... Rb7
{lakerda resigns} 0-1

[Event "ICS Rated blitz match"]
[Site "204.178.125.65"]
[Date "1999.08.26"]
[Round "?"]
[White "Hossa"]
[Black "lakerda"]
[Result "1-0"]
[WhiteElo "2438"]
[BlackElo "2226"]
[PlyCount "121"]

1. d4 Nf6 2. c4 g6 3. Nc3 Bg7 4. e4 d6 5. f3 e5 6. Be3 Nfd7 7. dxe5 dxe5 8. Qd2
Nc6 9. O-O-O Nd4 10. Nge2 c5 11. Bh6 O-O 12. Ng3 Nb6 13. Bd3 Bxh6 14. Qxh6 Qf6
15. Nd5 Nxd5 16. exd5 Qg7 17. Qxg7+ Kxg7 18. Rhe1 f6 19. Ne4 b6 20. a3 Bf5 21.
Kd2 Bxe4 22. Rxe4 a6 23. f4 exf4 24. Rxf4 Rae8 25. b4 f5 26. g3 Re5 27. Re1
Rxe1 28. Kxe1 Kf6 29. Kd2 g5 30. Rf1 Re8 31. bxc5 bxc5 32. Bxf5 Nxf5 33. g4 Re4
34. Rxf5+ Kg6 35. Kd3 Rd4+ 36. Kc3 Rxg4 37. Rf2 Rf4 38. Re2 h5 39. Kb3 g4 40.
Re6+ Kf5 41. Rxa6 h4 42. Ra8 g3 43. hxg3 hxg3 44. Rf8+ Ke4 45. Rxf4+ Kxf4 46.
d6 g2 47. d7 g1=Q 48. d8=Q Qb1+ 49. Ka4 Qc2+ 50. Kb5 Qb3+ 51. Kc6 Qxa3 52. Qh4+
Ke5 53. Qg5+ Kd4 54. Qf4+ Kc3 55. Qe3+ Kb4 56. Qxc5+ Kb3 57. Qxa3+ Kxa3 58. c5
Kb4 59. Kd6 Kc4 60. c6 Kd4 61. c7 {lakerda resigns} 1-0

[Event "ICS Rated blitz match"]
[Site "204.178.125.65"]
[Date "1999.08.26"]
[Round "?"]
[White "MissSilicon"]
[Black "Hossa"]
[Result "1-0"]
[WhiteElo "2615"]
[BlackElo "2445"]
[PlyCount "81"]

1. e4 c5 2. Nf3 d6 3. d4 cxd4 4. Nxd4 Nf6 5. Nc3 e5 6. Bb5+ Bd7 7. Bxd7+ Qxd7
8. Nde2 Nc6 9. Ng3 Be7 10. O-O O-O 11. Nf5 Rfd8 12. Bg5 Rac8 13. f4 Qe6 14. Qf3
Nd4 15. Nxe7+ Qxe7 16. Qd3 Qe6 17. Nd5 Nxd5 18. exd5 Qxd5 19. Bxd8 Rxd8 20. c3
Qb5 21. Qxb5 Nxb5 22. fxe5 dxe5 23. Rad1 Nd6 24. Rd5 Kf8 25. Rfd1 Ke7 26. Rxe5+
Kf6 27. Red5 Ke6 28. c4 b6 29. c5 bxc5 30. Rxc5 Ne4 31. Rxd8 Nxc5 32. Ra8 Nd3
33. b3 a5 34. Rxa5 Nb4 35. a4 Nc6 36. Ra8 Nd4 37. b4 Kf5 38. b5 Ne2+ 39. Kf1
Nd4 40. b6 Nc6 41. b7 {Hossa resigns} 1-0

[Event "ICS Rated blitz match"]
[Site "204.178.125.65"]
[Date "1999.08.26"]
[Round "?"]
[White "heatstroke"]
[Black "Hossa"]
[Result "1-0"]
[WhiteElo "2895"]
[BlackElo "2436"]
[PlyCount "163"]

1. e4 c5 2. Nf3 d6 3. d4 cxd4 4. Nxd4 Nf6 5. Nc3 e5 6. Bb5+ Bd7 7. Bxd7+ Qxd7
8. Nf5 d5 9. Nxd5 Nxe4 10. O-O Nc6 11. c4 O-O-O 12. Qf3 g6 13. Ng3 Nxg3 14.
Qxg3 Qf5 15. Bg5 Rd6 16. Rad1 f6 17. Be3 Rd8 18. Qh4 g5 19. Qh5 Bd6 20. c5 Bb8
21. Nxf6 Qxf6 22. Qg4+ Kc7 23. Bxg5 Qf7 24. Bxd8+ Rxd8 25. Rxd8 Nxd8 26. Rd1
Nc6 27. a3 h5 28. Qe4 Kc8 29. Rd5 Nd4 30. f3 Bc7 31. Kf2 Nc6 32. b4 Nd4 33. a4
Qe6 34. b5 Qf7 35. Kf1 Nf5 36. Kg1 Nd4 37. Kh1 h4 38. b6 axb6 39. cxb6 Bxb6 40.
Rxe5 Nc6 41. Re8+ Bd8 42. Kg1 Qd7 43. Qe6 Qxe6 44. Rxe6 Nd4 45. Re4 h3 46. f4
b5 47. axb5 hxg2 48. h4 Nxb5 49. h5 Nd6 50. Rb4 Bf6 51. h6 Bc3 52. h7 Kd7 53.
Kxg2 Ke6 54. Rb6 Kd5 55. Rb8 Ke4 56. Kg3 Nf7 57. Kg4 Nh6+ 58. Kh5 Nf7 59. Rf8
Nh8 60. Kh6 Kd5 61. f5 Kd6 62. f6 Kd7 63. Rxh8 Bxf6 64. Rg8 Be5 65. Rg7+ Kc6
66. h8=Q Bxg7+ 67. Qxg7 Kb6 68. Qc3 Ka7 69. Qa5+ Kb7 70. Qb5+ Kc8 71. Qc6+ Kb8
72. Kg6 Ka7 73. Qb5 Ka8 74. Kg5 Ka7 75. Kf5 Ka8 76. Qa6+ Kb8 77. Kg5 Kc7 78.
Qb5 Kd6 79. Kf6 Kc7 80. Ke6 Kc8 81. Kd6 Kd8 82. Qd7# {Hossa checkmated} 1-0

[Event "ICS Rated blitz match"]
[Site "204.178.125.65"]
[Date "1999.08.26"]
[Round "?"]
[White "Hossa"]
[Black "occam"]
[Result "0-1"]
[WhiteElo "2434"]
[BlackElo "2404"]
[PlyCount "52"]

1. d4 g6 2. e4 Bg7 3. Ne2 d6 4. f3 Nf6 5. Bg5 O-O 6. Qd2 c5 7. Kf2 cxd4 8. c3
dxc3 9. Nbxc3 Qb6+ 10. Be3 Bh6 11. Nd1 Bd7 12. Nd4 Bxe3+ 13. Nxe3 Rc8 14. a3
Nc6 15. Ne2 Na5 16. Nc1 Nc4 17. Bxc4 Rxc4 18. Qe2 Rac8 19. Kg3 Nh5+ 20. Kh4 Qd4
21. Ng4 f5 22. Rd1 Qg7 23. Qd2 fxg4 24. Ne2 gxf3 25. Nc3 Rd4 26. Qe3 26... Rxc3
{Hossa resigns} 0-1

[Event "ICS rated blitz match"]
[Site "204.178.125.65"]
[Date "1999.08.26"]
[Round "?"]
[White "Hossa"]
[Black "occam"]
[Result "0-1"]
[WhiteElo "2433"]
[BlackElo "2405"]
[PlyCount "108"]

1. d4 g6 2. e4 Bg7 3. Ne2 d6 4. f3 Nf6 5. Bg5 O-O 6. Qd2 c5 7. Nbc3 cxd4 8.
Nxd4 Nc6 9. Nxc6 bxc6 10. Bc4 Rb8 11. Bb3 Qc7 12. O-O Ba6 13. Rfe1 Qb6+ 14. Kh1
Rbd8 15. Bh6 Bxh6 16. Qxh6 Qb7 17. e5 dxe5 18. Rxe5 Rd7 19. Rae1 Qc7 20. Rg5
Rfd8 21. Rxg6+ hxg6 22. Qxg6+ Kh8 23. Bxf7 Qf4 24. Be6 Rd2 25. Rg1 Qh4 26. Bb3
c5 27. Qf5 c4 28. Ba4 Qd4 29. Qe6 Qd6 30. Qe3 Qb4 31. Rb1 Qb7 32. Qh6+ Nh7 33.
Be8 e5 34. Bf7 Qxf7 35. Qxa6 Rxg2 36. Rg1 Rxg1+ 37. Kxg1 Qxf3 38. Qxc4 Qe3+ 39.
Kh1 Qe1+ 40. Kg2 Rd2+ 41. Qe2 Rxe2+ 42. Nxe2 Qxe2+ 43. Kg3 Qxc2 44. a3 Qxb2 45.
a4 Qa3+ 46. Kg2 Kg7 47. a5 Kf6 48. Kf2 Qxa5 49. h3 Qd2+ 50. Kg1 a5 51. Kf1 a4
52. Kg1 a3 53. Kf1 a2 54. h4 54... a1=Q# {Hossa checkmated} 0-1

[Event "ICS Rated standard match"]
[Site "204.178.125.65"]
[Date "1999.08.26"]
[Round "?"]
[White "Hossa"]
[Black "PostModernist"]
[Result "0-1"]
[WhiteElo "2197"]
[BlackElo "2335"]
[PlyCount "158"]

1. d4 Nf6 2. c4 c5 3. d5 b5 4. cxb5 g6 5. Nc3 Bg7 6. d6 Bb7 7. a4 O-O 8. a5 a6
9. b6 Re8 10. Bg5 Bf8 11. dxe7 Bxe7 12. Bf4 d5 13. e3 d4 14. Nce2 Nd5 15. Bh6
Nb4 16. Rc1 dxe3 17. Qxd8 Bxd8 18. Bxe3 Nd3+ 19. Kd2 Nxc1 20. Nxc1 c4 21. b3
c3+ 22. Kxc3 Bf6+ 23. Kd2 Nc6 24. Nge2 Rad8+ 25. Nd3 Nxa5 26. Nec1 Nc6 27. Bc5
Nd4 28. b4 Nb5 29. Ne2 Bb2 30. Nef4 g5 31. Ne2 f6 32. f3 f5 33. Ng3 Rd5 34. Nh5
Na3 35. h4 g4 36. Nhf4 Rdd8 37. Be2 Nc4+ 38. Kc2 Bf6 39. fxg4 Bxg2 40. Rg1 Bc6
41. gxf5+ Kh8 42. b7 Bxb7 43. Ne6 Rd7 44. Bh5 Rc8 45. Nf8 Na3+ 46. Kd2 Rdd8 47.
Ne6 Rd5 48. Bg4 Rd7 49. h5 Be4 50. Be2 Nc4+ 51. Kc2 Bxf5 52. Nef4 Nb2 53. Rg3
Rcd8 54. Rf3 Be5 55. h6 a5 56. bxa5 Rc7 57. Kb3 Nxd3 58. Nxd3 Bxd3 59. Bxd3
Rxc5 60. Kb4 Rc6 61. Bb5 Rxh6 62. Rf7 Rh4+ 63. Kc5 Rc8+ 64. Kd5 Bc3 65. Bd7
Rd4+ 66. Ke6 Rg8 67. a6 Rg6+ 68. Kf5 Rxa6 69. Bc8 Ra5+ 70. Ke6 Rd1 71. Rf3 Re5+
72. Kf7 Rg1 73. Bb7 Rg7+ 74. Kf6 Rg6+ 75. Kf7 Bb4 76. Bd5 Re7+ 77. Kf8 Rgg7 78.
Rf7 Rgxf7+ 79. Bxf7 79... Re3# {Hossa checkmated} 0-1

[Event "ICS rated blitz match"]
[Site "204.178.125.65"]
[Date "1999.08.26"]
[Round "?"]
[White "Hossa"]
[Black "GIRONA"]
[Result "1/2-1/2"]
[WhiteElo "2420"]
[BlackElo "2068"]
[PlyCount "72"]

1. d4 Nf6 2. c4 e6 3. Nc3 c5 4. d5 exd5 5. cxd5 g6 6. e4 d6 7. Bb5+ Nfd7 8.
Nge2 Bg7 9. Bf4 Qe7 10. O-O a6 11. Bd3 O-O 12. Qd2 Ne5 13. Bc2 Re8 14. Bh6 Nc4
15. Qc1 Bxh6 16. Qxh6 Nxb2 17. Rfb1 Nc4 18. Bb3 Ne5 19. f3 Nbd7 20. a4 Rb8 21.
a5 b5 22. axb6 Nxb6 23. Ra2 f5 24. Ba4 Bd7 25. Bxd7 Qxd7 26. Rxa6 Nbc4 27. Rxb8
Rxb8 28. Nf4 Qb7 29. Ra1 Qb2 30. Rb1 Qxb1+ 31. Nxb1 Rxb1+ 32. Kf2 Rb2+ 33. Kg1
Rb1+ 34. Kf2 Rb2+ 35. Kg1 Rb1+ 36. Kf2 36... Rb2+ {Game drawn by repetition}
1/2-1/2

[Event "ICS rated blitz match"]
[Site "204.178.125.65"]
[Date "1999.08.26"]
[Round "?"]
[White "JudgeTurpin"]
[Black "Hossa"]
[Result "1-0"]
[WhiteElo "2534"]
[BlackElo "2408"]
[PlyCount "69"]

1. d4 d5 2. Bf4 Bf5 3. e3 e6 4. Nf3 Nf6 5. c4 Bxb1 6. Rxb1 Bb4+ 7. Ke2 O-O 8.
c5 Nh5 9. a3 Nxf4+ 10. exf4 Bxc5 11. dxc5 Nd7 12. Qd4 Qe7 13. b4 b6 14. c6 Nb8
15. Qc3 Rd8 16. g3 a6 17. Bg2 Rd6 18. Nd4 Qf6 19. Rbc1 a5 20. b5 Qh6 21. h4 f6
22. h5 Ra7 23. Qe3 Kf7 24. g4 g5 25. hxg6+ Qxg6 26. Bf3 a4 27. f5 Qg8 28. fxe6+
Ke8 29. Nf5 Rd8 30. g5 Qg6 31. Bh5 Qxh5+ 32. Rxh5 d4 33. Rxh7 Nd7 34. cxd7+ Kf8
35. Rh8# {Hossa checkmated} 1-0

[Event "ICS rated blitz match"]
[Site "204.178.125.65"]
[Date "1999.08.27"]
[Round "?"]
[White "Hossa"]
[Black "Sandbagger187"]
[Result "1-0"]
[WhiteElo "2398"]
[BlackElo "2153"]
[PlyCount "71"]

1. d4 e6 2. d5 Nf6 3. c4 b5 4. dxe6 fxe6 5. cxb5 Bc5 6. Nh3 O-O 7. Bg5 a6 8. e4
c6 9. e5 Bb4+ 10. Nd2 h6 11. Bh4 g5 12. Nxg5 Ne4 13. Ngxe4 Qxh4 14. Nf6+ Kh8
15. bxa6 Qf4 16. Be2 Qxe5 17. Nxd7 Nxd7 18. O-O Bc5 19. b3 Nf6 20. Nf3 Qf5 21.
Bd3 Qg4 22. Ne5 Qxd1 23. Raxd1 Kg7 24. Rc1 Bd4 25. Nxc6 Bb2 26. Rc2 Ba3 27. a7
Bb7 28. Nd4 Rfe8 29. Nb5 Ba6 30. Rc7+ Re7 31. Rxe7+ Bxe7 32. Nc7 Bxd3 33. Nxa8
Bxf1 34. Nc7 Bd8 35. Nxe6+ Kg6 36. a8=Q {Sandbagger187 resigns} 1-0

[Event "ICS rated blitz match"]
[Site "204.178.125.65"]
[Date "1999.08.27"]
[Round "?"]
[White "Zamok"]
[Black "Hossa"]
[Result "0-1"]
[WhiteElo "2165"]
[BlackElo "2420"]
[PlyCount "54"]

1. d4 a6 2. e4 d5 3. exd5 Qxd5 4. Nc3 Qd7 5. Nf3 Qd8 6. Bc4 Nc6 7. Be3 Nf6 8.
O-O Bg4 9. h3 Bxf3 10. Qxf3 e6 11. Rad1 Bb4 12. Ne4 Be7 13. c3 Nxe4 14. Qxe4
Na5 15. Bd3 Bf6 16. Rfe1 Nc6 17. Bb1 Qe7 18. Bf4 O-O-O 19. a4 e5 20. dxe5 Rxd1
21. Rxd1 Bxe5 22. Qf5+ Kb8 23. Rd7 Qe8 24. Rxf7 g6 25. Qd7 Bxf4 26. Qxe8+ Rxe8
27. Bxg6 27... Re1# {Zamok checkmated} 0-1

[Event "ICS rated blitz match"]
[Site "204.178.125.65"]
[Date "1999.08.27"]
[Round "?"]
[White "Hossa"]
[Black "Zamok"]
[Result "1-0"]
[WhiteElo "2426"]
[BlackElo "2159"]
[PlyCount "72"]

1. d4 Nf6 2. c4 e6 3. Nc3 Bb4 4. Bg5 c5 5. d5 d6 6. e4 O-O 7. Bd3 Bxc3+ 8. bxc3
h6 9. Bxf6 Qxf6 10. Ne2 e5 11. Ng3 Qg5 12. O-O Bg4 13. Qe1 h5 14. f3 Bc8 15. f4
exf4 16. Ne2 Nd7 17. Nxf4 Ne5 18. h4 Nxd3 19. Nxd3 Qg4 20. Rf4 Qg6 21. Qe3 Bg4
22. Rb1 b6 23. Rbf1 Rae8 24. e5 f6 25. e6 f5 26. Nf2 Qf6 27. Nxg4 hxg4 28. Rxg4
fxg4 29. Rxf6 Rxf6 30. Qg3 Ref8 31. Qxd6 Rf1+ 32. Kh2 Re1 33. Qd7 Re3 34. e7
g3+ 35. Kh3 Ra8 36. Qd8+ 36... Rxd8 {Zamok resigns} 1-0

[Event "ICS rated blitz match"]
[Site "204.178.125.65"]
[Date "1999.08.27"]
[Round "?"]
[White "Zamok"]
[Black "Hossa"]
[Result "0-1"]
[WhiteElo "2153"]
[BlackElo "2432"]
[PlyCount "64"]

1. e4 c5 2. Nf3 d6 3. d4 cxd4 4. Nxd4 Nf6 5. Nc3 Nc6 6. Bg5 Bg4 7. f3 Nxd4 8.
Qxd4 Bd7 9. Bxf6 gxf6 10. O-O-O Bh6+ 11. Kb1 O-O 12. Nd5 Bg7 13. Qd2 f5 14. Bd3
fxe4 15. Bxe4 f5 16. Bd3 e6 17. Nf4 Qb6 18. c3 Rac8 19. Ne2 d5 20. Bc2 Bb5 21.
Bb3 a5 22. Nd4 Bd7 23. Bc2 a4 24. a3 e5 25. Ne2 Rc5 26. f4 e4 27. Nd4 Rfc8 28.
Ka2 Rc4 29. Nxf5 Bxf5 30. Qxd5+ Be6 31. Qd2 Rxc3+ 32. Ka1 32... Rxa3+ {
Zamok resigns} 0-1

[Event "ICS rated blitz match"]
[Site "204.178.125.65"]
[Date "1999.08.27"]
[Round "?"]
[White "Hossa"]
[Black "Zamok"]
[Result "1-0"]
[WhiteElo "2437"]
[BlackElo "2148"]
[PlyCount "77"]

1. d4 Nf6 2. c4 e6 3. Nc3 Bb4 4. Bg5 c5 5. d5 d6 6. e4 O-O 7. Bd3 h6 8. Bxf6
Qxf6 9. Nge2 Nd7 10. O-O Bxc3 11. Nxc3 e5 12. a4 a6 13. Qg4 Qg5 14. Qxg5 hxg5
15. f3 g6 16. a5 Kg7 17. Na4 f5 18. Rab1 Nf6 19. Nb6 Rb8 20. b4 cxb4 21. Rxb4
Nd7 22. Nxd7 Bxd7 23. Rb6 Rf6 24. g4 fxg4 25. fxg4 Rxf1+ 26. Bxf1 Bxg4 27. Rxd6
Bf3 28. Bd3 Bg4 29. Rb6 Bd7 30. c5 Kf7 31. c6 Bc8 32. d6 Ra8 33. cxb7 Bxb7 34.
Bc4+ Ke8 35. Rxb7 Rd8 36. Rb6 Kd7 37. Bxa6 Rf8 38. Bb5+ Ke6 39. a6 {
Zamok resigns} 1-0

[Event "ICS rated blitz match"]
[Site "204.178.125.65"]
[Date "1999.08.27"]
[Round "?"]
[White "Zamok"]
[Black "Hossa"]
[Result "1-0"]
[WhiteElo "2143"]
[BlackElo "2442"]
[PlyCount "98"]

1. e4 c5 2. Nf3 d6 3. d4 cxd4 4. Nxd4 Nf6 5. Nc3 Nc6 6. Bg5 Bg4 7. f3 Nxd4 8.
Qxd4 Bd7 9. O-O-O e5 10. Qd2 h6 11. Bxf6 Qxf6 12. Nd5 Qd8 13. Kb1 f5 14. Bd3
Bc6 15. Bc4 fxe4 16. fxe4 b5 17. Bb3 Be7 18. Rhf1 Rf8 19. Qe2 Rxf1 20. Rxf1 Bf6
21. Qh5+ Kd7 22. Qf7+ Kc8 23. Rxf6 gxf6 24. Ne7+ Kb7 25. Nxc6+ Kxc6 26. Bd5+
Kb6 27. Qb7+ Ka5 28. Qxa8 Qxa8 29. Bxa8 b4 30. Kc1 Kb5 31. Kd2 a5 32. Kd3 Kc5
33. g3 a4 34. Bd5 f5 35. Be6 fxe4+ 36. Kxe4 a3 37. b3 Kc6 38. g4 Kc7 39. h4 Kd8
40. Kd5 Ke7 41. g5 hxg5 42. hxg5 e4 43. Bg4 e3 44. Ke4 e2 45. Bxe2 Kf7 46. Kf5
Kg8 47. Bc4+ d5 48. Bxd5+ Kg7 49. g6 49... Kf8 {Hossa resigns} 1-0

[Event "ICS rated blitz match"]
[Site "204.178.125.65"]
[Date "1999.08.27"]
[Round "?"]
[White "Hossa"]
[Black "Zamok"]
[Result "1-0"]
[WhiteElo "2415"]
[BlackElo "2170"]
[PlyCount "59"]

1. d4 Nf6 2. c4 e6 3. Nc3 Bb4 4. Bg5 c5 5. dxc5 d6 6. cxd6 Bxd6 7. Nf3 a6 8. a3
O-O 9. Bxf6 gxf6 10. e4 Nc6 11. Be2 Ne5 12. O-O Qc7 13. Nxe5 Bxe5 14. Kh1 Bd7
15. Qd3 Rfd8 16. Qh3 Bc6 17. f4 Bxc3 18. Qg3+ Kh8 19. Qxc3 Qe7 20. Bd3 Rg8 21.
Rad1 Rg7 22. Rd2 Rag8 23. b4 e5 24. fxe5 fxe5 25. Bc2 b6 26. Bb1 Qg5 27. Kg1 h5
28. Rf5 Qg4 29. Qxe5 Qxg2+ 30. Rxg2 {Zamok resigns} 1-0

[Event "ICS rated blitz match"]
[Site "204.178.125.65"]
[Date "1999.08.27"]
[Round "?"]
[White "Zamok"]
[Black "Hossa"]
[Result "1-0"]
[WhiteElo "2164"]
[BlackElo "2421"]
[PlyCount "90"]

1. e4 c5 2. Nf3 d6 3. d4 cxd4 4. Nxd4 Nf6 5. Nc3 Nc6 6. Bg5 Bg4 7. f3 Nxd4 8.
Qxd4 Bd7 9. O-O-O e5 10. Qd2 h6 11. Bxf6 Qxf6 12. Nd5 Qd8 13. Kb1 f5 14. Bd3
Bc6 15. Bc4 fxe4 16. fxe4 b5 17. Bb3 Be7 18. Rhf1 Rf8 19. Qe2 Rxf1 20. Rxf1 Bf6
21. Qh5+ Kd7 22. Qf7+ Kc8 23. Rxf6 gxf6 24. Ne7+ Kb7 25. Nxc6+ Kxc6 26. Bd5+
Kb6 27. Qb7+ Ka5 28. Qxa8 Qb6 29. a3 b4 30. axb4+ Kxb4 31. Qb7 Ka5 32. Qxb6+
axb6 33. Kc1 b5 34. Kd2 Kb4 35. Ke3 Kc5 36. Kf3 b4 37. Kg4 Kb6 38. Kf5 Kc5 39.
Kg6 f5 40. Kxf5 Kb6 41. g4 Kc7 42. h4 Kd8 43. Kg6 Ke8 44. Kxh6 b3 45. cxb3
45... Ke7 {Hossa resigns} 1-0

[Event "ICS rated blitz match"]
[Site "204.178.125.65"]
[Date "1999.08.27"]
[Round "?"]
[White "Hossa"]
[Black "Zamok"]
[Result "1-0"]
[WhiteElo "2395"]
[BlackElo "2190"]
[PlyCount "67"]

1. d4 Nf6 2. c4 e6 3. Nc3 Bb4 4. Bg5 c5 5. d5 d6 6. e4 O-O 7. Bd3 Nbd7 8. Nge2
h6 9. Bh4 exd5 10. cxd5 Ne5 11. O-O Nxd3 12. Qxd3 Bxc3 13. bxc3 Qe7 14. f3 Qe5
15. c4 Nd7 16. Bg3 Qe7 17. Rae1 Ne5 18. Qc3 a6 19. Bxe5 dxe5 20. a4 b6 21. Rb1
Qd6 22. a5 bxa5 23. Qxa5 Bd7 24. Rb6 Qc7 25. Ra1 Ra7 26. Rxa6 Rxa6 27. Qxc7
Rxa1+ 28. Kf2 Ba4 29. Qxc5 Bd1 30. Nc3 Rc1 31. Qe3 Ra1 32. Qe1 Rfa8 33. Nxd1
Rb8 34. Qd2 {Zamok resigns} 1-0

[Event "ICS rated blitz match"]
[Site "204.178.125.65"]
[Date "1999.08.27"]
[Round "?"]
[White "Zamok"]
[Black "Hossa"]
[Result "1-0"]
[WhiteElo "2182"]
[BlackElo "2403"]
[PlyCount "145"]

1. e4 c5 2. Nf3 d6 3. d4 cxd4 4. Nxd4 Nf6 5. Nc3 Nc6 6. Bg5 Bg4 7. f3 Nxd4 8.
Qxd4 Bd7 9. O-O-O e5 10. Qd2 h6 11. Bxf6 Qxf6 12. Nd5 Qd8 13. Kb1 f5 14. Bd3
Bc6 15. Bc4 fxe4 16. fxe4 Be7 17. Rhf1 h5 18. Qe2 Bh4 19. g3 Bf6 20. Qf3 b6 21.
Qf5 Bxd5 22. Bxd5 Rb8 23. Qg6+ Kd7 24. Qf7+ Qe7 25. Qg6 Qd8 26. Rf3 Rc8 27.
Qf7+ Qe7 28. Be6+ Kd8 29. Qxe7+ Kxe7 30. Bxc8 Rxc8 31. Rc3 Rxc3 32. bxc3 g5 33.
Kb2 g4 34. Kb3 a6 35. c4 Bg5 36. a4 Ke6 37. a5 Bd8 38. axb6 Bxb6 39. Ra1 a5 40.
Ka4 Bd4 41. Rf1 Bc3 42. Kb5 Bb4 43. Rd1 Kd7 44. Rc1 Bd2 45. Rd1 Bb4 46. Rc1 Bd2
47. Ra1 Bb4 48. Rxa5 Bxa5 49. Kxa5 Kc6 50. Kb4 Kb6 51. c5+ dxc5+ 52. Kc4 Kc6
53. c3 Kd6 54. Kb5 c4 55. Kxc4 Kc6 56. Kb4 Kb6 57. c4 Kc7 58. Kc5 Kd7 59. Kd5
Kc7 60. Kxe5 Kc6 61. Kf5 Kd7 62. e5 Ke7 63. e6 Ke8 64. Ke5 Ke7 65. c5 Kf8 66.
c6 Kg8 67. c7 Kg7 68. c8=Q h4 69. Qe8 Kh6 70. Kf5 Kh7 71. Qg6+ Kh8 72. Kf6 h3
73. Qg7# {Hossa checkmated} 1-0

[Event "ICS rated blitz match"]
[Site "204.178.125.65"]
[Date "1999.08.27"]
[Round "?"]
[White "Hossa"]
[Black "Zamok"]
[Result "1-0"]
[WhiteElo "2378"]
[BlackElo "2207"]
[PlyCount "69"]

1. d4 Nf6 2. c4 e6 3. Nc3 Bb4 4. Bg5 c5 5. d5 d6 6. e4 Qe7 7. Bd3 Bxc3+ 8. bxc3
h6 9. Bh4 O-O 10. Ne2 e5 11. O-O g5 12. Bg3 Nh5 13. Nc1 Nf4 14. f3 Nxd3 15.
Nxd3 f5 16. Qd2 f4 17. Bf2 b6 18. Qd1 Ba6 19. Nb2 b5 20. cxb5 Bxb5 21. c4 Ba6
22. Rb1 Nd7 23. Qa4 Bc8 24. Nd3 Nb6 25. Rxb6 Bd7 26. Rb7 Bxa4 27. Rxe7 Rfb8 28.
Re6 Rb6 29. Rxh6 Bc2 30. Nc1 Kg7 31. Re6 a5 32. Bxc5 Rb2 33. Bxd6 a4 34. Bxe5+
Kf7 35. Bxb2 {Zamok resigns} 1-0

[Event "ICS rated blitz match"]
[Site "204.178.125.65"]
[Date "1999.08.27"]
[Round "?"]
[White "Lancelot"]
[Black "Hossa"]
[Result "0-1"]
[WhiteElo "2134"]
[BlackElo "2393"]
[PlyCount "62"]

1. e4 c5 2. Nf3 d6 3. Bb5+ Bd7 4. Bxd7+ Qxd7 5. O-O Nc6 6. c3 d5 7. e5 c4 8. b3
e6 9. Qe2 b5 10. a4 Na5 11. bxc4 Nb3 12. Ra2 bxc4 13. Ba3 Ne7 14. Bd6 Ng6 15.
Bxf8 Nxf8 16. Nd4 Ng6 17. Ra3 Nc5 18. Ra2 O-O 19. Na3 Nd3 20. Nf3 Qxa4 21. Rfa1
f6 22. exf6 Rxf6 23. Nd4 Qd7 24. Nab5 Rxf2 25. Qg4 Qf7 26. Qxe6 Rxg2+ 27. Kh1
Qxe6 28. Nxe6 Nh4 29. Rf1 Nf2+ 30. Rxf2 Rxf2 31. Rxa7 31... Rf1# {
Lancelot checkmated} 0-1

[Event "ICS rated blitz match"]
[Site "204.178.125.65"]
[Date "1999.08.27"]
[Round "?"]
[White "Lancelot"]
[Black "Hossa"]
[Result "1/2-1/2"]
[WhiteElo "2109"]
[BlackElo "2399"]
[PlyCount "236"]

1. e4 c5 2. Nf3 d6 3. Bb5+ Bd7 4. Bxd7+ Qxd7 5. O-O Nc6 6. d3 e5 7. Nc3 Nge7 8.
Bg5 Qd8 9. Nd5 f6 10. Bh4 Nxd5 11. exd5 Ne7 12. c4 g5 13. Bg3 Bg7 14. Nd2 O-O
15. f3 Nf5 16. Kf2 Qe8 17. Re1 Qh5 18. Kg1 Nxg3 19. hxg3 Rad8 20. Nf1 f5 21. g4
fxg4 22. fxg4 Qh4 23. g3 Qh3 24. Re4 b5 25. Qe2 bxc4 26. dxc4 Rd7 27. Qg2 Qxg2+
28. Kxg2 Rb7 29. b3 Rbf7 30. Rae1 Rf2+ 31. Kg1 Rxa2 32. R4e2 Rxe2 33. Rxe2 Rb8
34. Ra2 Rb7 35. Nd2 Bf6 36. Ne4 Be7 37. Ra3 Kf8 38. Kf2 Ke8 39. Ke3 Kf7 40. Kd3
Kg6 41. Ke3 Bf8 42. Kd3 Rb6 43. Ke3 a6 44. Kd3 Be7 45. Ke3 Bd8 46. Kd3 Kg7 47.
Ke3 Be7 48. Kd3 Bf6 49. Ke3 Bd8 50. Kd3 Be7 51. Ke3 Kg6 52. Kd3 Kf7 53. Ke3 Bf6
54. Kd3 Bd8 55. Ke3 Be7 56. Kd3 Ke8 57. Ke3 Kf8 58. Kd3 Kg8 59. Ke3 Bd8 60. Kd3
Kf8 61. Ke3 Kf7 62. Kd3 Kg6 63. Ke3 Bc7 64. Kd3 a5 65. Ke3 Rb7 66. Kd3 Rb4 67.
Ke3 h6 68. Kd3 Kf7 69. Ke3 Ke7 70. Kd3 Bb6 71. Ke3 Bd8 72. Kd3 Bc7 73. Ke3 Kf7
74. Kd3 Kg6 75. Ke3 Kg7 76. Kd3 Kf8 77. Ke3 Rb7 78. Kd3 Ke7 79. Ke3 Rb8 80. Kd3
Rf8 81. Ke3 Ke8 82. Ke2 Kd7 83. Ke3 Ke7 84. Ke2 Kf7 85. Ke3 Rb8 86. Ke2 Rb7 87.
Ke3 Kg6 88. Kd3 Kg7 89. Ke3 Rb6 90. Ke2 Rb8 91. Ke3 Kg6 92. Ke2 Rd8 93. Ke3 Re8
94. Ke2 Kf7 95. Ke3 Ke7 96. Ke2 Bb6 97. Ke3 Rf8 98. Ke2 Rf7 99. Ke3 Rf1 100.
Ke2 Rg1 101. Ke3 Bc7 102. Ke2 Kf7 103. Kf2 Rb1 104. Ke2 Kg6 105. Kf2 Rb2+ 106.
Ke3 Kf7 107. Kd3 Ke7 108. Ke3 Bd8 109. Kd3 Rb1 110. Ke3 Re1+ 111. Kd3 Rg1 112.
Ke3 Rb1 113. Kd3 Bc7 114. Ke3 Rf1 115. Kd3 Kf7 116. Ke3 Re1+ 117. Kd3 Ke7 118.
Ra2 118... Rb1 {Game drawn by the 50 move rule} 1/2-1/2